The Cardinal of the Kremlin. (Record no. 6042)

MARC details
000 -LEADER
fixed length control field 00509cam a22001932 4500
001 - CONTROL NUMBER
control field 0000002837
005 - DATE AND TIME OF LATEST TRANSACTION
control field 20151217151905.0
008 - FIXED-LENGTH DATA ELEMENTS--GENERAL INFORMATION
fixed length control field 070420s xx 000 0 eng d
020 ## - INTERNATIONAL STANDARD BOOK NUMBER
International Standard Book Number 0399133453 :
040 ## - CATALOGING SOURCE
Original cataloging agency KABU
Transcribing agency KABU
050 #0 - LIBRARY OF CONGRESS CALL NUMBER
Classification number PS3553
Item number .L245C37
100 1# - MAIN ENTRY--PERSONAL NAME
Personal name Clancy, Tom.
-- 0000152345
245 14 - TITLE STATEMENT
Title The Cardinal of the Kremlin.
260 ## - PUBLICATION, DISTRIBUTION, ETC. (IMPRINT)
Place of publication, distribution, etc. New York :
Name of publisher, distributor, etc. G. P. Putman,
Date of publication, distribution, etc. 1988.
300 ## - PHYSICAL DESCRIPTION
Extent 543 p.
908 ## - PUT COMMAND PARAMETER (RLIN)
Put command parameter 070420
950 ## - LOCAL HOLDINGS (RLIN)
-- 1
Holdings
Withdrawn status Lost status Source of classification or shelving scheme Not for loan Home library Current library Date acquired Total Checkouts Full call number Barcode Date last seen Price effective from Koha item type
    Library of Congress Classification   Kabarak, Main Campus Kabarak, Main Campus 17/12/2015   PS3553 .L245C37 004540 17/12/2015 17/12/2015 General Collection
Designed with assistance from East African Informatics Ltd